Nonlinear processes in engineering ; dynamic programming, invariant imbedding, quasilinearization, finite elements, system identification, optimization.
Guardado en:
| Autor Principal: | |
|---|---|
| Formato: | Libro |
| Idioma: | English |
| Publicado: |
New York :
Academic Press,
1974.
|
| Series: | Mathematics in science and engineering ;
v. 110 |
| Materias: | |
| Etiquetas: |
Agregar Etiqueta
Sin Etiquetas, Sea el primero en etiquetar este registro!
|
| LEADER | 00843pam a2200229 a 4500 | ||
|---|---|---|---|
| 001 | MAT.inmabb005765 | ||
| 008 | 731210s1974####nyua#####b####001#0#eng## | ||
| 005 | 20170612121521.0 | ||
| 245 | 1 | 0 | |a Nonlinear processes in engineering ; |b dynamic programming, invariant imbedding, quasilinearization, finite elements, system identification, optimization. |
| 260 | |a New York : |b Academic Press, |c 1974. | ||
| 300 | |a xvii, 366 p. : |b il. ; |c 24 cm. | ||
| 440 | 0 | |a Mathematics in science and engineering ; |v v. 110 | |
| 504 | |a Incluye referencias bibliográficas. | ||
| 510 | 4 | |a MR, |c 52 #12860 | |
| 020 | |a 012218050X | ||
| 100 | 1 | |a Distéfano, Néstor. | |
| 650 | 0 | |a Engineering mathematics. | |
| 650 | 0 | |a Nonlinear theories. | |
| 084 | |a 93-02 (65K05 73.49) |2 MR | ||
| 010 | |a 73007437 | ||
| 040 | |a DLC |c DLC |d DLC | ||
| 859 | |h 93 |i D614 |p A-4143 |b BIB. MATEMATICA | ||
